<?xml version="1.0" encoding="UTF-8"?>
<record
    xmlns:xsi="http://www.w3.org/2001/XMLSchema-instance"
    xsi:schemaLocation="http://www.loc.gov/MARC21/slim http://www.loc.gov/standards/marcxml/schema/MARC21slim.xsd"
    xmlns="http://www.loc.gov/MARC21/slim">

  <leader>01628nam a22001457a 4500</leader>
  <datafield tag="999" ind1=" " ind2=" ">
    <subfield code="c">524130</subfield>
    <subfield code="d">524130</subfield>
  </datafield>
  <controlfield tag="008">231030b           ||||| |||| 00| 0 eng d</controlfield>
  <datafield tag="100" ind1=" " ind2=" ">
    <subfield code="a">Amit and Bhatia, Kareena </subfield>
    <subfield code="9">45226</subfield>
  </datafield>
  <datafield tag="245" ind1=" " ind2=" ">
    <subfield code="a">Indian defense budget and nation building: A study of trends of last two decades </subfield>
  </datafield>
  <datafield tag="260" ind1=" " ind2=" ">
    <subfield code="a">Bihar Journal of Public Administration  </subfield>
  </datafield>
  <datafield tag="300" ind1=" " ind2=" ">
    <subfield code="a">20(1), Jan-Jun, 2023: p.158-169</subfield>
  </datafield>
  <datafield tag="520" ind1=" " ind2=" ">
    <subfield code="a">The Indian budget has been allocating the substantial share to Ministry of Defence over the years, including expenditure on pension. This makes an imperative to analyse the trends of allocations in relation to general budget and the GDP of the country as well as its contribution to nation building. As such, the present paper attempts to examine the defence budget in the light of Union Government expenditure from post economic reforms period, especially from1998 to 2019 through micro-analysis of one Army Plan and traces its contribution to the nation building. The analysis of two decades of annual budgets suggest that on an annual average of 2.6 per cent of Central Government expenditure is reverted back to the national economy from Army expenditure, apart from almost similar contribution from Navy and Air Force. Further, it indicates that there have been deficiencies in military modernisation, however, the Government of India has enhanced the exports in defence sector. Finally, the present paper explores the key areas for sustaining in future. &#x2013; Reproduced 

http://www.iipabiharbranch.org/upload/Journal%20Volume%20XX.pdf
</subfield>
  </datafield>
  <datafield tag="773" ind1=" " ind2=" ">
    <subfield code="a">Bihar Journal of Public Administration  </subfield>
  </datafield>
  <datafield tag="906" ind1=" " ind2=" ">
    <subfield code="a">ARMED FORCES</subfield>
  </datafield>
  <datafield tag="942" ind1=" " ind2=" ">
    <subfield code="c">AR</subfield>
  </datafield>
  <datafield tag="952" ind1=" " ind2=" ">
    <subfield code="0">0</subfield>
    <subfield code="1">0</subfield>
    <subfield code="2">ddc</subfield>
    <subfield code="4">0</subfield>
    <subfield code="7">0</subfield>
    <subfield code="9">399181</subfield>
    <subfield code="a">IIPA</subfield>
    <subfield code="b">IIPA</subfield>
    <subfield code="d">2023-10-30</subfield>
    <subfield code="h">20(1), Jan-Jun, 2023: p.158-169</subfield>
    <subfield code="p">AR130006</subfield>
    <subfield code="r">2023-10-30</subfield>
    <subfield code="y">AR</subfield>
  </datafield>
</record>
